Statistics for Biggest Cities in Ukraine on a Map

Click here to take the quiz!

General Stats

  • This quiz has been taken 114 times
    (48 since last reset)
  • The average score is 9 of 18

Answer Stats

Population City % Correct
2,950,819Kiev
100%
1,446,107Kharkiv
95%
1,013,159Odessa
93%
724,713Lviv
90%
913,323Donetsk
88%
998,103Dnipro
80%
403,938Luhansk
61%
440,367Mariupol
44%
738,728Zaporizhia
39%
289,096Kherson
29%
288,324Poltava
29%
624,579Kryvyi Rih
27%
288,268Chernihiv
22%
483,186Mykolaiv
20%
369,839Vinnytsia
20%
276,360Cherkasy
17%
271,263Khmelnytskyi
15%
343,158Makiivka
7%

Score Distribution

Percentile by Number Answered

Percent of People with Each Score

Your Score History

You have not taken this quiz since the last reset